Η Διαδρομή του Οδυσσέα στον Χάρτη - Statistics

General Stats
  • This quiz has been taken 42 times
  • The average score is 8 of 11
Answers on the Map
Answers color-coded by a green-red scale on the quiz's map according to % correct below.
 
Answer Stats
Χώρα % Correct
Τουρκία
100%
Ελλάδα
97%
Τυνησία
74%
Ιταλία
74%
Ισπανία
68%
Ιταλία
68%
Αλγερία
65%
Ιταλία
65%
Μάλτα
61%
Ιταλία
48%
Ελλάδα
45%
No matching quizzes found
Score Distribution
Percent of People with Each Score
Percentile by Number Answered
Your Score History
You have not taken this quiz